000 00871nam a2200217Ia 4500
999 _c3611
_d3611
003 OSt
005 20200326132752.0
008 191128s2005 ck ad gr 001 0 spa d
020 _a9589766684
040 _aCO-JMCR
_cCO-JMCR
082 0 4 _a025.317 /
_bG643g
100 1 _aGonzález Hernández, Sara,
_eautora
_91956
245 0 _aGestión archivos electrónicos :
_bsituación en la administración central /
_cSara González Hernández
260 _aBogotá :
_bArchivo General de la Nación,
_c2005
300 _a97 páginas :
_bilustracione, gráficas a blanco y negro ;
_c24 cm.
505 _aAntecedentes y consideraciones generales -- Análisis y descripción de los resultados -- Conclusiones y recomendaciones
546 _aspa
650 1 4 _aAutomatización de archivos
_91957
650 2 4 _aDocumentos electrónicos
_xOrganización
_91958
942 _2ddc
_cBK